| 000 | 01246nam a22003497a 4500 | ||
|---|---|---|---|
| 003 | CHAP | ||
| 005 | 20220329133718.0 | ||
| 008 | 971013s1992 r 00010 d | ||
| 010 | _a9829 | ||
| 011 | _a10801 | ||
| 035 | _a10039 | ||
| 040 | _cCHAP | ||
| 090 | _aTesis | ||
| 100 | 0 | 0 |
_aChávez Villalobos, Marco Antonio. _922794 |
| 245 | _aDiseño de un método de análisis de residuos de insecticidas organofosforados para el cultivo del nopal y tuna (Opuntia ficus-indica) Min. | ||
| 260 |
_aChapingo, Méx. : _bEl autor, _c1992 |
||
| 300 |
_ac.a. 60 h. _b; gráfs |
||
| 502 | _aTesis (Ing. Agr. Esp. en Parasitología Agrícola) -- UACH. Departamento de Parasitología Agrícola | ||
| 590 |
_aALEPH _b10 _c20130110 _lUCH01 _h1225 |
||
| 590 |
_aBATCH-UPD _b10 _c20130110 _lUCH01 _h1021 |
||
| 590 |
_aBATCH-UPD _b10 _c20130410 _lUCH01 _h0627 |
||
| 590 |
_aBATCH-UPD _b10 _c20130914 _lUCH01 _h0343 |
||
| 590 |
_aBATCH-UPD _b10 _c20130914 _lUCH01 _h2056 |
||
| 590 |
_aCONVERSION _b10 _c20130109 _lUCH01 _h1306 |
||
| 650 | 1 | 4 |
_aAnálisis cromatográfico. _95964 |
| 650 | 1 | 4 |
_aInsecticidas _xResiduos. _958880 |
| 650 | 1 | 4 |
_aNopal. _981647 |
| 650 | 1 | 4 |
_aTuna. _9115544 |
| 901 | _aBK | ||
| 942 | _cTESIS | ||
| 949 |
_bBC _cTES _d-21405 _eTS1 _h26607 _i10039 _si |
||
| 999 |
_c9829 _d9829 |
||